[Event "Votoria Cup 2nd"]
[Site "Vitoria"]
[Date "2014.03.21"]
[Round "2"]
[White "Mareco, Sandro"]
[Black "Supi, Luis Paulo"]
[Result "1-0"]
[WhiteElo "2585"]
[BlackElo "2330"]
[PlyCount "89"]
[EventDate "2014.03.20"]
[EventType "swiss"]
[EventRounds "7"]
[EventCountry "BRA"]
[SourceTitle "CBM 159 Extra"]
[Source "ChessBase"]
[SourceDate "2014.04.24"]
[SourceVersion "1"]
[SourceVersionDate "2014.04.24"]
[SourceQuality "1"]

1. d4 Nf6 2. c4 g6 3. f3 Bg7 4. e4 d6 5. Ne2 O-O 6. Be3 Nc6 7. Qd2 a6 8. Na3
Rb8 9. Nc2 Bd7 10. Nc3 e5 11. d5 Ne7 12. Be2 Nh5 13. g3 f5 14. O-O-O fxe4 15.
fxe4 Bh3 16. Rdg1 Bd7 17. Kb1 Kh8 18. c5 Ng8 19. Nb4 a5 20. Nd3 b5 21. c6 b4
22. cxd7 bxc3 23. Qxc3 Qxd7 24. Rc1 Nhf6 25. Qc4 Rfc8 26. Rhf1 Qh3 27. Bg1 Qd7
28. Be3 Qh3 29. Nf2 Qd7 30. Qc6 Qxc6 31. Rxc6 Ne7 32. Ra6 Rb4 33. a3 Rb3 34.
Bc1 c6 35. dxc6 Nxc6 36. Bd1 Rbb8 37. Ba4 Nd4 38. Rxa5 Ne2 39. Bd2 d5 40. exd5
e4 41. Nd1 e3 42. Bxe3 Ne4 43. Rb5 Bxb2 44. Kxb2 N4c3 45. Bd4+ 1-0

[Event "Votoria Cup 2nd"]
[Site "Vitoria"]
[Date "2014.03.21"]
[Round "3"]
[White "Supi, Luis Paulo"]
[Black "Santos, Marcus Vinicius M"]
[Result "1/2-1/2"]
[WhiteElo "2330"]
[BlackElo "2316"]
[PlyCount "20"]
[EventDate "2014.03.20"]
[EventType "swiss"]
[EventRounds "7"]
[EventCountry "BRA"]
[SourceTitle "CBM 159 Extra"]
[Source "ChessBase"]
[SourceDate "2014.04.24"]
[SourceVersion "1"]
[SourceVersionDate "2014.04.24"]
[SourceQuality "1"]

1. e4 g6 2. d4 Bg7 3. Nc3 d6 4. Be3 a6 5. a4 b6 6. Qd2 e6 7. f4 Ne7 8. Nf3 Nd7
9. Bd3 Bb7 10. O-O O-O 1/2-1/2

[Event "Votoria Cup 2nd"]
[Site "Vitoria"]
[Date "2014.03.22"]
[Round "4"]
[White "Bonfim, Hudson Soares Do"]
[Black "Supi, Luis Paulo"]
[Result "0-1"]
[WhiteElo "1941"]
[BlackElo "2330"]
[PlyCount "50"]
[EventDate "2014.03.20"]
[EventType "swiss"]
[EventRounds "7"]
[EventCountry "BRA"]
[SourceTitle "CBM 159 Extra"]
[Source "ChessBase"]
[SourceDate "2014.04.24"]
[SourceVersion "1"]
[SourceVersionDate "2014.04.24"]
[SourceQuality "1"]

1. Nf3 Nf6 2. d4 g6 3. e3 Bg7 4. c4 O-O 5. Nc3 d5 6. Be2 e6 7. O-O b6 8. Qc2
Bb7 9. b3 Qe7 10. Bb2 Nbd7 11. cxd5 exd5 12. Nb5 c5 13. Ba3 Rfc8 14. Rac1 Ne4
15. Bd3 f5 16. Nc3 Qe6 17. Bb5 cxd4 18. Nxd4 Bxd4 19. Bxd7 Qxd7 20. exd4 Rxc3
21. Qe2 Rac8 22. f3 Rxc1 23. Rxc1 Rxc1+ 24. Bxc1 Nd6 25. Qe5 Qe8 0-1

[Event "Votoria Cup 2nd"]
[Site "Vitoria"]
[Date "2014.03.23"]
[Round "6"]
[White "Quintiliano Pinto, Renato Rodrigues"]
[Black "Supi, Luis Paulo"]
[Result "1/2-1/2"]
[WhiteElo "2371"]
[BlackElo "2330"]
[PlyCount "84"]
[EventDate "2014.03.20"]
[EventType "swiss"]
[EventRounds "7"]
[EventCountry "BRA"]
[SourceTitle "CBM 159 Extra"]
[Source "ChessBase"]
[SourceDate "2014.04.24"]
[SourceVersion "1"]
[SourceVersionDate "2014.04.24"]
[SourceQuality "1"]

1. d4 Nf6 2. c4 g6 3. Nc3 Bg7 4. e4 d6 5. Nf3 O-O 6. Be2 Nbd7 7. O-O e5 8. Be3
Qe7 9. d5 Ne8 10. Ne1 f5 11. f3 f4 12. Bf2 g5 13. Nd3 Rf6 14. Rc1 Rh6 15. Re1
Qf7 16. Kh1 Ndf6 17. h3 Nh5 18. Rc2 Ng3+ 19. Bxg3 fxg3 20. Bf1 Nf6 21. Ne2 Nh5
22. Kg1 Qe7 23. c5 g4 24. cxd6 Rxd6 25. fxg4 Bxg4 26. Qc1 Rc8 27. hxg4 Qh4 28.
Nxg3 Nxg3 29. Nf2 Rf8 30. Nh3 Rg6 31. Rxc7 Rxf1+ 32. Rxf1 Ne2+ 33. Kh1 Nxc1 34.
Rc8+ Bf8 35. Rcxf8+ Kg7 36. R1f7+ Kh6 37. Rh8 Qe1+ 38. Kh2 Rg7 39. Rf6+ Rg6 40.
Rf7 Rg7 41. Rf6+ Rg6 42. Rf7 Rg7 1/2-1/2

[Event "Votoria Cup 2nd"]
[Site "Vitoria"]
[Date "2014.03.23"]
[Round "7"]
[White "Supi, Luis Paulo"]
[Black "Sztokbant, Bernardo Vainzoff"]
[Result "1/2-1/2"]
[WhiteElo "2330"]
[BlackElo "2239"]
[PlyCount "41"]
[EventDate "2014.03.20"]
[EventType "swiss"]
[EventRounds "7"]
[EventCountry "BRA"]
[SourceTitle "CBM 159 Extra"]
[Source "ChessBase"]
[SourceDate "2014.04.24"]
[SourceVersion "1"]
[SourceVersionDate "2014.04.24"]
[SourceQuality "1"]

1. e4 e5 2. Nf3 Nc6 3. Bc4 Bc5 4. c3 Nf6 5. d3 d6 6. Bb3 O-O 7. Bg5 h6 8. Bh4
a6 9. Nbd2 Be6 10. Bc2 Ba7 11. Nf1 d5 12. exd5 Bxd5 13. Ne3 Be6 14. Nd2 Bc5 15.
Qf3 Be7 16. Nf5 Bxf5 17. Qxf5 g6 18. Qf3 Nh5 19. Bxe7 Qxe7 20. O-O Qf6 21. Rfe1
1/2-1/2

[Event "Sao Paulo op 04"]
[Site "Sao Paulo"]
[Date "2014.04.??"]
[Round "1"]
[White "Proudian, Armen"]
[Black "Supi, Luis Paulo"]
[Result "1-0"]
[WhiteElo "2287"]
[BlackElo "2329"]
[PlyCount "63"]
[EventDate "2014.04.??"]
[EventType "team-match"]
[EventRounds "7"]
[EventCountry "BRA"]
[SourceTitle "EXT 2015"]
[Source "ChessBase"]
[SourceDate "2014.11.20"]
[SourceVersion "1"]
[SourceVersionDate "2014.11.20"]
[SourceQuality "1"]

1. e4 c5 2. Nf3 d6 3. d4 cxd4 4. Nxd4 Nf6 5. Nc3 a6 6. Be3 e5 7. Nb3 Be7 8. Qd2
Ng4 9. g3 Nd7 10. O-O-O Nxe3 11. Qxe3 Nf6 12. f4 Qc7 13. f5 b5 14. a3 Rb8 15.
Kb1 Bd7 16. Be2 a5 17. g4 b4 18. axb4 axb4 19. Nd5 Nxd5 20. Rxd5 Bc6 21. Ra5
O-O 22. g5 Ra8 23. Rxa8 Rxa8 24. g6 Qb7 25. gxf7+ Kh8 26. Bd3 Bf8 27. f6 gxf6
28. Bc4 Bxe4 29. Rg1 Bg6 30. Qf2 f5 31. Qh4 Qe7 32. Rxg6 1-0

[Event "Sao Paulo op 04"]
[Site "Sao Paulo"]
[Date "2014.04.??"]
[Round "2"]
[White "Supi, Luis Paulo"]
[Black "Da Silva, Jose Saravio Jr"]
[Result "1-0"]
[WhiteElo "2329"]
[BlackElo "1979"]
[PlyCount "53"]
[EventDate "2014.04.??"]
[EventType "team-match"]
[EventRounds "7"]
[EventCountry "BRA"]
[SourceTitle "EXT 2015"]
[Source "ChessBase"]
[SourceDate "2014.11.20"]
[SourceVersion "1"]
[SourceVersionDate "2014.11.20"]
[SourceQuality "1"]

1. e4 c5 2. Nf3 d6 3. d4 cxd4 4. Nxd4 Nf6 5. Nc3 a6 6. h3 b5 7. g4 Bb7 8. Bg2
e6 9. g5 Nfd7 10. a3 Nb6 11. h4 Be7 12. f4 N8d7 13. h5 Nf8 14. Qg4 Qd7 15. Rh3
e5 16. Nf5 Ne6 17. fxe5 Nd4 18. Nxg7+ Kd8 19. Qd1 dxe5 20. Rd3 Kc7 21. Nf5 Rad8
22. Bh3 Nxc2+ 23. Qxc2 Qxd3 24. Nd5+ Kb8 25. Qxd3 Nxd5 26. exd5 Rxd5 27. Qc3
1-0

[Event "Sao Paulo op 04"]
[Site "Sao Paulo"]
[Date "2014.04.??"]
[Round "3"]
[White "Supi, Luis Paulo"]
[Black "Vieira, Alexandre Letizio"]
[Result "1-0"]
[WhiteElo "2329"]
[BlackElo "1797"]
[PlyCount "57"]
[EventDate "2014.04.??"]
[EventType "team-match"]
[EventRounds "7"]
[EventCountry "BRA"]
[SourceTitle "EXT 2015"]
[Source "ChessBase"]
[SourceDate "2014.11.20"]
[SourceVersion "1"]
[SourceVersionDate "2014.11.20"]
[SourceQuality "1"]

1. e4 c5 2. Nf3 d6 3. d4 cxd4 4. Nxd4 Nf6 5. Nc3 g6 6. g3 Bg7 7. Bg2 O-O 8. h3
Nc6 9. Nde2 Qa5 10. Bd2 Qb6 11. Rb1 Be6 12. b3 Rad8 13. Nf4 a6 14. O-O Qc7 15.
Ncd5 Qd7 16. c4 Ne5 17. Ba5 Rde8 18. Rc1 Bxd5 19. Nxd5 Nc6 20. Bb6 Rc8 21. Qd2
h5 22. f4 Nxd5 23. exd5 Nb8 24. f5 Kh7 25. Be4 Rg8 26. fxg6+ fxg6 27. Bxg6+ Kh8
28. Rf7 Qxh3 29. Qh6+ 1-0

[Event "Sao Paulo op 04"]
[Site "Sao Paulo"]
[Date "2014.04.??"]
[Round "4"]
[White "Van Riemsdijk, Felipe Herman"]
[Black "Supi, Luis Paulo"]
[Result "1/2-1/2"]
[WhiteElo "1755"]
[BlackElo "2329"]
[PlyCount "109"]
[EventDate "2014.04.??"]
[EventType "team-match"]
[EventRounds "7"]
[EventCountry "BRA"]
[SourceTitle "EXT 2015"]
[Source "ChessBase"]
[SourceDate "2014.11.20"]
[SourceVersion "1"]
[SourceVersionDate "2014.11.20"]
[SourceQuality "1"]

1. c4 g6 2. Nc3 Bg7 3. d4 Nf6 4. e4 d6 5. Be2 O-O 6. Bg5 Na6 7. f4 c6 8. Qd2
Nc7 9. Nf3 Ne6 10. Bh4 Nh5 11. g3 c5 12. dxc5 Nxc5 13. e5 Be6 14. exd6 Qxd6 15.
Qxd6 exd6 16. O-O-O Bxc3 17. bxc3 Ne4 18. f5 Bxf5 19. Nd4 Ng7 20. g4 Bd7 21.
Kb2 Rfe8 22. Bf3 Rac8 23. Rhe1 Nc5 24. Rxe8+ Nxe8 25. Kc2 Ba4+ 26. Nb3 Bc6 27.
Bd5 Bxd5 28. Rxd5 Nd7 29. Nd2 Rc6 30. Bg3 Kf8 31. Rd4 f6 32. Nf1 Ne5 33. Ne3
Nc7 34. Bxe5 fxe5 35. Rd2 Ke7 36. h4 b5 37. cxb5 Nxb5 38. Nd5+ Ke6 39. Kb3 Nd4+
40. cxd4 Kxd5 41. dxe5+ Kxe5 42. Re2+ Kf4 43. Re7 Kxg4 44. Rxh7 a6 45. a4 d5
46. a5 Rc5 47. Rh6 Rxa5 48. Rxg6+ Kxh4 49. Kc3 Kh5 50. Rd6 Kg4 51. Kd4 Kf4 52.
Rxd5 Ra4+ 53. Kc3 Ke4 54. Rd6 Ke5 55. Rd8 1/2-1/2

[Event "Sao Paulo op 04"]
[Site "Sao Paulo"]
[Date "2014.04.??"]
[Round "6"]
[White "Supi, Luis Paulo"]
[Black "Rodi, Luis Ernesto"]
[Result "1-0"]
[WhiteElo "2329"]
[BlackElo "2365"]
[PlyCount "89"]
[EventDate "2014.04.??"]
[EventType "team-match"]
[EventRounds "7"]
[EventCountry "BRA"]
[SourceTitle "EXT 2015"]
[Source "ChessBase"]
[SourceDate "2014.11.20"]
[SourceVersion "1"]
[SourceVersionDate "2014.11.20"]
[SourceQuality "1"]

1. e4 d6 2. d4 Nf6 3. Nc3 g6 4. Be3 c6 5. Qd2 b5 6. f3 Nbd7 7. g4 h6 8. h4 Nb6
9. Nh3 Bg7 10. Bd3 Qc7 11. a4 Nc4 12. Bxc4 bxc4 13. Nf2 Rb8 14. Rb1 Qa5 15. O-O
h5 16. g5 Nd7 17. Rfd1 O-O 18. b4 cxb3 19. cxb3 Re8 20. Ne2 Qc7 21. Rdc1 Ba6
22. b4 Bxe2 23. Qxe2 c5 24. Kg2 Rec8 25. bxc5 Rxb1 26. Rxb1 dxc5 27. dxc5 Be5
28. Nd3 Qa5 29. Qc2 Bd6 30. Rb5 Qc7 31. Qb3 Be5 32. Rb7 Qc6 33. Rxd7 Qxd7 34.
Nxe5 Qe8 35. Nxg6 Rb8 36. Qd5 Rb4 37. Ne5 e6 38. Qd2 Rb8 39. Nd7 Qd8 40. Nxb8
Qxb8 41. c6 Qc7 42. Qd7 Qa5 43. Qe8+ Kh7 44. Qxf7+ Kh8 45. g6 1-0

[Event "BRA-ch U18"]
[Site "Tres Rios"]
[Date "2014.05.08"]
[Round "1"]
[White "Ribeiro Carrico, Victor Hugo"]
[Black "Supi, Luis Paulo"]
[Result "0-1"]
[WhiteElo "1791"]
[BlackElo "2329"]
[PlyCount "52"]
[EventDate "2014.05.08"]
[EventType "swiss"]
[EventRounds "6"]
[EventCountry "BRA"]
[SourceTitle "EXT 2018"]
[Source "ChessBase"]
[SourceDate "2017.10.13"]
[SourceVersion "1"]
[SourceVersionDate "2017.10.13"]
[SourceQuality "1"]

1. e4 c5 2. Nf3 e6 3. d4 cxd4 4. Nxd4 a6 5. Nc3 Qc7 6. a3 Nf6 7. Be3 b5 8. Bd3
Bb7 9. O-O d6 10. Re1 Be7 11. f4 Nbd7 12. Qf3 g5 13. fxg5 Ne5 14. Qe2 Nfg4 15.
Nf3 Nxe3 16. Qxe3 Nxf3+ 17. Qxf3 Bxg5 18. Rad1 h5 19. Bxb5+ axb5 20. Nxb5 Qc5+
21. Nd4 e5 22. Qb3 exd4 23. Qxb7 O-O 24. Qd5 Qxd5 25. exd5 Be3+ 26. Kf1 Ra5 0-1

[Event "BRA-ch U18"]
[Site "Tres Rios"]
[Date "2014.05.09"]
[Round "2"]
[White "Supi, Luis Paulo"]
[Black "Gardim, Leonardo D'Almada"]
[Result "1-0"]
[WhiteElo "2329"]
[BlackElo "1620"]
[PlyCount "57"]
[EventDate "2014.05.08"]
[EventType "swiss"]
[EventRounds "6"]
[EventCountry "BRA"]
[SourceTitle "EXT 2018"]
[Source "ChessBase"]
[SourceDate "2017.10.13"]
[SourceVersion "1"]
[SourceVersionDate "2017.10.13"]
[SourceQuality "1"]

1. e4 c5 2. Nf3 g6 3. Bc4 Bg7 4. O-O Nc6 5. c3 e6 6. d4 cxd4 7. Nxd4 a6 8. Bb3
Nge7 9. Bg5 Qc7 10. Nd2 b5 11. N2f3 Bb7 12. Re1 O-O 13. Qd2 Rfe8 14. Bh6 Nxd4
15. cxd4 Bh8 16. h4 d5 17. e5 Nf5 18. Bg5 a5 19. g4 Ne7 20. h5 a4 21. Bf6 axb3
22. Qh6 gxh5 23. Rac1 Qxc1 24. Rxc1 Ng6 25. Ng5 Nf8 26. Bxh8 Kxh8 27. Qf6+ Kg8
28. Qxf7+ Kh8 29. Rc7 1-0

[Event "BRA-ch U18"]
[Site "Tres Rios"]
[Date "2014.05.09"]
[Round "3"]
[White "Bastos Seixas, Pedro Lucas"]
[Black "Supi, Luis Paulo"]
[Result "0-1"]
[WhiteElo "1963"]
[BlackElo "2329"]
[PlyCount "49"]
[EventDate "2014.05.08"]
[EventType "swiss"]
[EventRounds "6"]
[EventCountry "BRA"]
[SourceTitle "EXT 2018"]
[Source "ChessBase"]
[SourceDate "2017.10.13"]
[SourceVersion "1"]
[SourceVersionDate "2017.10.13"]
[SourceQuality "1"]

1. e4 c5 2. f4 e6 3. Nf3 a6 4. Be2 d5 5. d3 b5 6. O-O Bb7 7. Nbd2 Nf6 8. exd5
exd5 9. Ne5 Bd6 10. Ndf3 O-O 11. Qe1 Nbd7 12. Nxd7 Nxd7 13. Qf2 Qc7 14. Nh4
Rfe8 15. Nf5 Bf8 16. Bd2 g6 17. Ng3 Bg7 18. c3 f5 19. Bf3 d4 20. Rae1 Nb6 21.
Rxe8+ Rxe8 22. Bxb7 Qxb7 23. Re1 Rxe1+ 24. Qxe1 Qd7 25. Qd1 0-1

[Event "BRA-ch U18"]
[Site "Tres Rios"]
[Date "2014.05.10"]
[Round "5"]
[White "Moura de Lima, Wilian Rither De"]
[Black "Supi, Luis Paulo"]
[Result "0-1"]
[WhiteElo "1961"]
[BlackElo "2329"]
[PlyCount "98"]
[EventDate "2014.05.08"]
[EventType "swiss"]
[EventRounds "6"]
[EventCountry "BRA"]
[SourceTitle "EXT 2018"]
[Source "ChessBase"]
[SourceDate "2017.10.13"]
[SourceVersion "1"]
[SourceVersionDate "2017.10.13"]
[SourceQuality "1"]

1. e4 g6 2. d4 Bg7 3. Be3 c6 4. Nf3 d5 5. e5 Bg4 6. Be2 e6 7. O-O Ne7 8. Nbd2
Nf5 9. h3 Bxf3 10. Bxf3 c5 11. c3 h5 12. Nb3 Nd7 13. Qd2 cxd4 14. cxd4 Nxe3 15.
fxe3 Bh6 16. Qf2 O-O 17. Rac1 Nb6 18. Nc5 Qe7 19. b3 Rac8 20. Nd3 Rxc1 21. Rxc1
Rc8 22. Rxc8+ Nxc8 23. Nf4 Qd8 24. Qg3 Ne7 25. Qh4 Qc7 26. Qe1 Bxf4 27. exf4
Nf5 28. Qd2 Qb6 29. g4 Nxd4 30. Kg2 hxg4 31. hxg4 Qc5 32. Kg3 a5 33. Bd1 b5 34.
Bf3 b4 35. Qf2 Qc3 36. g5 Nf5+ 37. Kh2 d4 38. Be4 Ne3 39. Qe2 Qc1 40. Bg2 Nxg2
41. Qxg2 Qxf4+ 42. Kh1 Qxe5 43. Qa8+ Kg7 44. Qd8 Qe4+ 45. Kh2 Qf4+ 46. Kh1 e5
47. Qxa5 Qh4+ 48. Kg2 Qxg5+ 49. Kf2 d3 0-1

[Event "Rio Claro op"]
[Site "Rio Claro"]
[Date "2014.05.16"]
[Round "1"]
[White "Calixto, Roberto Carlos"]
[Black "Supi, Luis Paulo"]
[Result "0-1"]
[WhiteElo "1835"]
[BlackElo "2329"]
[PlyCount "49"]
[EventDate "2014.05.16"]
[EventType "swiss"]
[EventRounds "6"]
[EventCountry "BRA"]
[SourceTitle "CBM 160 Extra"]
[Source "ChessBase"]
[SourceDate "2014.07.01"]
[SourceVersion "1"]
[SourceVersionDate "2014.07.01"]
[SourceQuality "1"]

1. e4 g6 2. d4 Bg7 3. Nf3 d6 4. Be2 Nd7 5. Nc3 e5 6. d5 Ngf6 7. h3 Qe7 8. Be3
a6 9. g4 Nc5 10. Nd2 h6 11. b4 Ncd7 12. O-O Nf8 13. f4 exf4 14. Bxf4 Nxg4 15.
Bxg4 Bxc3 16. Bxc8 Rxc8 17. Rb1 Nd7 18. Qf3 Bd4+ 19. Kh1 Kf8 20. Nc4 Kg7 21.
Rbe1 Rcf8 22. c3 Be5 23. Bc1 Qh4 24. Rg1 Kh7 25. Rg4 0-1

[Event "Rio Claro op"]
[Site "Rio Claro"]
[Date "2014.05.16"]
[Round "2"]
[White "Supi, Luis Paulo"]
[Black "Cesarini da Silva, Leonardo"]
[Result "1-0"]
[WhiteElo "2329"]
[BlackElo "1992"]
[PlyCount "52"]
[EventDate "2014.05.16"]
[EventType "swiss"]
[EventRounds "6"]
[EventCountry "BRA"]
[SourceTitle "CBM 160 Extra"]
[Source "ChessBase"]
[SourceDate "2014.07.01"]
[SourceVersion "1"]
[SourceVersionDate "2014.07.01"]
[SourceQuality "1"]

1. e4 c5 2. Nf3 Nc6 3. Bb5 Qc7 4. O-O d6 5. c3 Nf6 6. d4 Bd7 7. Re1 a6 8. Bxc6
Bxc6 9. d5 Bd7 10. e5 dxe5 11. Nxe5 e6 12. Nxd7 Qxd7 13. dxe6 Qxd1 14. exf7+
Kxf7 15. Rxd1 Be7 16. Bg5 Rad8 17. Nd2 Rd5 18. Bxf6 gxf6 19. Nc4 Rhd8 20. Rxd5
Rxd5 21. Kf1 b5 22. Ne3 Rd2 23. Rb1 c4 24. Ke1 Rd3 25. Rd1 Rxd1+ 26. Kxd1 Ke6
1-0

[Event "Rio Claro op"]
[Site "Rio Claro"]
[Date "2014.05.17"]
[Round "3"]
[White "Sztokbant, Bernardo Vainzoff"]
[Black "Supi, Luis Paulo"]
[Result "0-1"]
[WhiteElo "2257"]
[BlackElo "2329"]
[PlyCount "54"]
[EventDate "2014.05.16"]
[EventType "swiss"]
[EventRounds "6"]
[EventCountry "BRA"]
[SourceTitle "CBM 160 Extra"]
[Source "ChessBase"]
[SourceDate "2014.07.01"]
[SourceVersion "1"]
[SourceVersionDate "2014.07.01"]
[SourceQuality "1"]

1. e4 c5 2. Nf3 e6 3. d4 cxd4 4. Nxd4 a6 5. Nc3 Qc7 6. Be2 b5 7. O-O Be7 8. Bf3
Nc6 9. Nxc6 dxc6 10. Qe2 Bd6 11. g3 Nf6 12. a4 O-O 13. Bg2 e5 14. Be3 Nd7 15.
Rad1 Rd8 16. f4 b4 17. Nb1 a5 18. Qf2 c5 19. Nd2 Ba6 20. Rfe1 c4 21. Bf1 c3 22.
bxc3 Qxc3 23. Nb3 Bc7 24. Bxa6 Rxa6 25. Rd3 Qc6 26. Red1 Raa8 27. Qd2 Nf8 0-1

[Event "Rio Claro op"]
[Site "Rio Claro"]
[Date "2014.05.18"]
[Round "5"]
[White "Supi, Luis Paulo"]
[Black "Osipi, Jair"]
[Result "1/2-1/2"]
[WhiteElo "2329"]
[BlackElo "2196"]
[PlyCount "49"]
[EventDate "2014.05.16"]
[EventType "swiss"]
[EventRounds "6"]
[EventCountry "BRA"]
[SourceTitle "CBM 160 Extra"]
[Source "ChessBase"]
[SourceDate "2014.07.01"]
[SourceVersion "1"]
[SourceVersionDate "2014.07.01"]
[SourceQuality "1"]

1. e4 c5 2. Nf3 Nc6 3. Bb5 e6 4. O-O Nge7 5. c3 a6 6. Ba4 b5 7. Bc2 d5 8. e5 c4
9. d4 cxd3 10. Bxd3 Bd7 11. Re1 Ng6 12. b3 Qb8 13. Qe2 Bc5 14. h4 f6 15. Bxg6+
hxg6 16. Be3 Bxe3 17. Qxe3 Nxe5 18. Nxe5 Qxe5 19. Qxe5 fxe5 20. Rxe5 Rh5 21.
Rxh5 gxh5 22. Nd2 Ke7 23. f4 a5 24. a3 Rb8 25. Nf3 1/2-1/2

[Event "Rio Claro op"]
[Site "Rio Claro"]
[Date "2014.05.18"]
[Round "6"]
[White "Supi, Luis Paulo"]
[Black "Quintiliano Pinto, Renato Rodrigues"]
[Result "1-0"]
[WhiteElo "2329"]
[BlackElo "2358"]
[PlyCount "51"]
[EventDate "2014.05.16"]
[EventType "swiss"]
[EventRounds "6"]
[EventCountry "BRA"]
[SourceTitle "CBM 160 Extra"]
[Source "ChessBase"]
[SourceDate "2014.07.01"]
[SourceVersion "1"]
[SourceVersionDate "2014.07.01"]
[SourceQuality "1"]

1. e4 c5 2. Nf3 d6 3. d4 cxd4 4. Qxd4 Nf6 5. Bg5 Nc6 6. Bb5 Bd7 7. Bxc6 Bxc6 8.
Nc3 e6 9. O-O-O Be7 10. Rhe1 O-O 11. Kb1 Rc8 12. Qd3 Qc7 13. h4 Rfd8 14. Nd4 h6
15. f4 a6 16. f5 Bd7 17. g4 b5 18. Bxf6 Bxf6 19. g5 hxg5 20. hxg5 Bxg5 21. Qh3
Bf6 22. Rh1 Kf8 23. fxe6 fxe6 24. Rdf1 e5 25. Ne6+ Bxe6 26. Qxe6 1-0

[Event "Maringa op 4th"]
[Site "Maringa"]
[Date "2014.08.20"]
[Round "1"]
[White "Supi, Luis Paulo"]
[Black "Montufar Berrios, Eymi Priscila"]
[Result "1-0"]
[WhiteElo "2355"]
[BlackElo "1546"]
[PlyCount "73"]
[EventDate "2014.08.20"]
[EventType "swiss"]
[EventRounds "9"]
[EventCountry "BRA"]
[SourceTitle "EXT 2015"]
[Source "ChessBase"]
[SourceDate "2014.11.20"]
[SourceVersion "1"]
[SourceVersionDate "2014.11.20"]
[SourceQuality "1"]

1. e4 c5 2. b3 d6 3. Bb2 e6 4. f4 Nf6 5. Bb5+ Bd7 6. Bxd7+ Qxd7 7. Qe2 Nc6 8.
Nf3 Be7 9. d3 Qc7 10. Nbd2 a6 11. O-O O-O 12. Kh1 Rfe8 13. e5 dxe5 14. fxe5 Nd5
15. g3 Rad8 16. Ne4 b5 17. Neg5 Bxg5 18. Nxg5 Rd7 19. Qe4 g6 20. Rf2 h6 21.
Nxf7 Kg7 22. Nd6 Rg8 23. Raf1 Nd8 24. Kg1 Kh7 25. Bc1 Nc3 26. Qh4 g5 27. Qh5
Rg6 28. Rf6 Rdg7 29. Bxg5 Ne2+ 30. Qxe2 Rxg5 31. Qe4+ Kh8 32. Rf8+ Rg8 33. Nf7+
Nxf7 34. R1xf7 Qxf7 35. Rxf7 R5g7 36. Rxg7 Rxg7 37. Qa8+ 1-0

[Event "Maringa op 4th"]
[Site "Maringa"]
[Date "2014.08.20"]
[Round "2"]
[White "Pastana, Rafael Pedroni"]
[Black "Supi, Luis Paulo"]
[Result "0-1"]
[WhiteElo "1930"]
[BlackElo "2355"]
[PlyCount "46"]
[EventDate "2014.08.20"]
[EventType "swiss"]
[EventRounds "9"]
[EventCountry "BRA"]
[SourceTitle "EXT 2015"]
[Source "ChessBase"]
[SourceDate "2014.11.20"]
[SourceVersion "1"]
[SourceVersionDate "2014.11.20"]
[SourceQuality "1"]

1. d4 Nf6 2. c4 g6 3. Nc3 Bg7 4. e4 d6 5. f3 O-O 6. Be3 Nbd7 7. Qd2 c5 8. Nge2
Qa5 9. O-O-O b5 10. Kb1 Nb6 11. Nxb5 Qxd2 12. Bxd2 Nxc4 13. dxc5 Nxb2 14. Kxb2
Nxe4+ 15. Nec3 Nf2 16. Bc4 dxc5 17. Be3 Nxh1 18. Bxc5 Ba6 19. Nc7 Bxc4 20. Nxa8
Rxa8 21. Rxh1 Rb8+ 22. Kc2 Bxa2 23. Nxa2 Rc8 0-1

[Event "Maringa op 4th"]
[Site "Maringa"]
[Date "2014.08.21"]
[Round "3"]
[White "Supi, Luis Paulo"]
[Black "Santos, Joao Gustavo Veriss"]
[Result "1-0"]
[WhiteElo "2355"]
[BlackElo "2050"]
[PlyCount "77"]
[EventDate "2014.08.20"]
[EventType "swiss"]
[EventRounds "9"]
[EventCountry "BRA"]
[SourceTitle "EXT 2015"]
[Source "ChessBase"]
[SourceDate "2014.11.20"]
[SourceVersion "1"]
[SourceVersionDate "2014.11.20"]
[SourceQuality "1"]

1. e4 Nc6 2. Nf3 e6 3. d4 d5 4. Nc3 dxe4 5. Nxe4 Be7 6. c3 Nf6 7. Bd3 O-O 8.
Qe2 Re8 9. Ned2 Qd5 10. Nc4 b6 11. Bg5 Bb7 12. h4 Rad8 13. Ne3 Qa5 14. Nc4 Qd5
15. a3 Nb8 16. Ne3 Qd6 17. O-O-O c5 18. Kb1 cxd4 19. Nxd4 Nc6 20. Nf3 Qc5 21.
Bxf6 Bxf6 22. Ng5 h6 23. Ne4 Qe7 24. f4 Bxh4 25. Qh5 f5 26. Rxh4 fxe4 27. Bxe4
Rxd1+ 28. Nxd1 Rd8 29. Ne3 Na5 30. Bxb7 Qxb7 31. Qg6 Qd7 32. Rxh6 Rf8 33. Qh7+
Kf7 34. Qg6+ Kg8 35. g3 Rf6 36. Qh7+ Kf7 37. Rxf6+ Kxf6 38. Ng4+ Kf7 39. Ne5+
1-0

[Event "Maringa op 4th"]
[Site "Maringa"]
[Date "2014.08.21"]
[Round "4"]
[White "Martins, Carlos"]
[Black "Supi, Luis Paulo"]
[Result "0-1"]
[WhiteElo "2215"]
[BlackElo "2355"]
[PlyCount "63"]
[EventDate "2014.08.20"]
[EventType "swiss"]
[EventRounds "9"]
[EventCountry "BRA"]
[SourceTitle "EXT 2015"]
[Source "ChessBase"]
[SourceDate "2014.11.20"]
[SourceVersion "1"]
[SourceVersionDate "2014.11.20"]
[SourceQuality "1"]

1. e4 c5 2. Nf3 e6 3. d4 cxd4 4. Nxd4 a6 5. Bd3 Bc5 6. Nb3 Be7 7. Qg4 g6 8. Qe2
d6 9. Nc3 Nd7 10. f4 Qc7 11. Bd2 Bh4+ 12. g3 Be7 13. O-O-O b5 14. e5 d5 15. Qf2
b4 16. Ne2 a5 17. Kb1 Ba6 18. Nbd4 Nc5 19. Nc1 Qb7 20. Be3 a4 21. Nde2 Nxd3 22.
Nxd3 Nh6 23. h3 Nf5 24. g4 Nxe3 25. Qxe3 b3 26. a3 d4 27. Qxd4 O-O 28. f5 Rfd8
29. Qe3 Bxa3 30. bxa3 Rac8 31. f6 b2 32. Nxb2 0-1

[Event "Maringa op 4th"]
[Site "Maringa"]
[Date "2014.08.22"]
[Round "6"]
[White "Umetsubo, Cesar Hidemitsu"]
[Black "Supi, Luis Paulo"]
[Result "1/2-1/2"]
[WhiteElo "2365"]
[BlackElo "2355"]
[PlyCount "58"]
[EventDate "2014.08.20"]
[EventType "swiss"]
[EventRounds "9"]
[EventCountry "BRA"]
[SourceTitle "EXT 2015"]
[Source "ChessBase"]
[SourceDate "2014.11.20"]
[SourceVersion "1"]
[SourceVersionDate "2014.11.20"]
[SourceQuality "1"]

1. d4 Nf6 2. Nf3 g6 3. Bf4 Bg7 4. e3 d6 5. h3 O-O 6. Be2 c5 7. c3 Qb6 8. Qb3
Be6 9. Qxb6 axb6 10. a3 Bd5 11. Nbd2 Bc6 12. O-O Nbd7 13. Rfd1 Rfe8 14. Bg3 b5
15. dxc5 dxc5 16. Ne5 Nxe5 17. Bxe5 Nd7 18. Bxg7 Kxg7 19. Nb3 e5 20. e4 c4 21.
Nd2 Nc5 22. f3 Na4 23. Rab1 f5 24. Kf2 Red8 25. Ke3 Kf6 26. g4 Nc5 27. gxf5
gxf5 28. exf5 Kxf5 29. Ne4 Ne6 1/2-1/2